| 000 | 00854nam a2200229Ii 4500 | ||
|---|---|---|---|
| 003 | JO-AjNU | ||
| 008 | 230605s9999||||xx |||||||||||||| ||und|| | ||
| 017 | _a2016/8/3872 | ||
| 020 | _a978-9957-94-252-6 | ||
| 040 |
_aJO-AjNU _bara _erda _cJO-AjNU |
||
| 041 | _aara | ||
| 050 | 1 | 4 | _aPJ7814.Z4.Z52 2016 |
| 100 | 3 |
_aعباس، عباس عبد الحليم , _eauthor _957457 |
|
| 245 | 0 | 0 | _aشعريه النص عند يوسف العظم : القصيده بين الفن والالتزام |
| 250 | _aط1 | ||
| 264 | 3 | 1 | _aعمان: وزارة الثقافة ،2016 |
| 300 |
_a211ص _bببليوجرافيا:205-209 |
||
| 336 |
_atext _btxt _2rdacontent |
||
| 337 |
_aunmediated _bn _2rdamedia |
||
| 338 |
_avolume _bnc _2rdacarrier |
||
| 650 | 4 |
_aالشعر العربي-القصيده بين الفن والالتزام-دراسه نقديه _957458 |
|
| 999 |
_aA25751 _c29319 _d29319 |
||